Brecht, Lukacs, Bloch sanat ve edebiyat / (Record no. 13305)

MARC details
000 -BAŞLIK
Sabit Uzunlukta Kontrol Alanı 00848nam a22002537a 4500
999 ## - SİSTEM KONTROL NUMARALARI (KOHA)
Koha Biblionumber 13305
Koha Biblioitemnumber 13305
003 - KONTROL NUMARASI IDENTIFIER
Denetim Alanı MIRAKIL
005 - SON İŞLEM TARİHİ VE ZAMANI
Denetim Alanı 20190614111421.0
008 - SABİT-BOY VERİ ELEMANLARI - GENEL BİLGİLER
Sabit Uzunlukta Kontrol Alanı 190614b tu ||||| |||| 00| 0 tur d
020 ## - ULUSLARARASI STANDART KİTAP NUMARASI
Uluslararası Standart Kitap Numarası 9786053321132
040 ## - KATALOGLAMA KAYNAK
Orijinal Kataloglama Ajansı TR-AnCHP
Metne Dönüştürmek Ajansı TR-AnCHP
041 ## - DİL KODU
Metin / Ses Parça Veya Ayrı Başlığın Dil Kodu tur
082 ## - DEWEY ONLU SINIFLANDIRMA NUMARASI
Sınıflandırma Numarası 700.1
Ürün Numarası K84b 2014
100 1# - ANA GİRİŞ - KİŞİSEL İSİM
Kişisel Ad Kula, Onur Bilge
245 10 - BAŞLIK TABLOSU
Başlık Brecht, Lukacs, Bloch sanat ve edebiyat /
Sorumluluk Tablosu, Vb Onur Bilge Kula.
260 ## - YAYIN, DAĞITIM, VB
Yayın, Dağıtım, Vb Yeri İstanbul :
Yayıncı, Dağıtıcı, Vs Adı Türkiye İş Bankası Kültür yayınları,
Yayın, Dağıtım, Vb Tarihi 2014.
300 ## - FİZİKSEL TANIM
Kapsam xxı, 732 s.:
Boyutlar 23 sm.
490 0# - SERİSİ TABLOSU
Seri Beyanı Türkiye İş Bankası Kültür Yayınları;
Hacim / Ardışık Tanımı Genel yayın: 2991.
504 ## - KAYNAKÇA VB NOT
Kaynakça Vb Notu Dizin vardır.
600 14 - KONU KATMA GİRİŞ - KURUMSAL ADI
9 (RLIN) 1468
Kişisel Ad Brecht, Bertolt
Başlıklar Ve Bir Adla İlişkili Diğer Kelimeler Alman şair
Bir Adıyla İlişkilendirilen Tarihler 1898-1956
600 14 - KONU KATMA GİRİŞ - KURUMSAL ADI
9 (RLIN) 2889
Kişisel Ad Lukacs, Georg
Başlıklar Ve Bir Adla İlişkili Diğer Kelimeler Filozof
Bir Adıyla İlişkilendirilen Tarihler 1885-1971
600 #0 - KONU KATMA GİRİŞ - KURUMSAL ADI
9 (RLIN) 5799
Kişisel Ad Bloch, Ernest
Bir Adıyla İlişkilendirilen Tarihler 1880-1959
650 #0 - KONU KATMA GİRİŞ - TOPİKAL DÖNEM
9 (RLIN) 5800
Topikal Süreli Veya Coğrafi Ad Giriş Elemanı Sanat ve edebiyat
942 ## - EKLENDİ GİRİŞ ELEMANLARI (KOHA)
Sınıflandırma Veya Raf Düzeni Kaynak Dewey Decimal Classification
Koha Öğesi Türü Books
Holdings
Kalıcı Konum Mevcut Konum Edinme Tarihi Toplam Check-Out'Lar Tam Çağrı Numarası Barkod Tarih Son Görülme İtibaren Geçerli Fiyatlar Koha Öğesi Türü
CHP Kütüphanesi CHP Kütüphanesi 06/14/2019   700.1 K84b 2014 019201 06/14/2019 06/14/2019 Books